| 000 | 03293nam a22003377a 4500 | ||
|---|---|---|---|
| 001 | TIC 0049 | ||
| 003 | gtcocun | ||
| 005 | 20250921233246.0 | ||
| 006 | a||||gr|||| 00| 0 | ||
| 007 | ta | ||
| 008 | 250921b2024 gt ||||| m||| 00| 0 eng d | ||
| 040 |
_agtcocun _bSPA _cgtcocun _eRDA |
||
| 041 | _aSPA TIC 0049 | ||
| 084 | _0TIC 0049 | ||
| 100 |
_aXitumul Cuxum, Nelson Ulises _eAutor |
||
| 245 |
_aINFORME FINAL DEL EJERCICIO PROFESIONAL SUPERVISADO, DISEÑO DEL SISTEMA DE ABASTECIMIENTO DE AGUA POTABLE CASERÍO SEPILAPEC Y DISEÑO DEL PAVIMENTO RÍGIDO DEL TRAMO CARRETERO QUE COMUNICA LA ALDEA CUCANJÁ CON LA ALDEA EL VOLCANCITO, SAN MIGUEL TUCURÚ, ALTA VERAPAZ./ _cNelson Ulises Xitumul Cuxum. _hImpreso |
||
| 264 |
_aCobán, Alta Verapaz: _bUniversidad de San Carlos de Guatemala, Centro Universitario del Norte, Ingeniería Civil _c2024 |
||
| 300 |
_a195 p.: _bIlustraciones, gráficas. _c28 cm; |
||
| 300 | _cPDF | ||
| 336 |
_2rdacontenido _aTexto _btxt |
||
| 337 |
_2rdamedio _aComputadora _bn |
||
| 338 |
_2rdasoporte _aCódigo en línea _bcr |
||
| 502 | _eTIC 0049 | ||
| 502 |
_aTesis de grado _bIngeniería Civil, _cUniversidad de San Carlos de Guatemala, Centro Universitario del Norte, Ingeniería Civil _d2024 _oTIC 0049 |
||
| 520 | 1 | 4 | _aPor medio del Ejercicio Profesional Supervisado (EPS) se diagnosticaron las necesidades en las comunidades del municipio de San Miguel Tucurú, del departamento de Alta Verapaz, se priorizaron dos de ellas, las cuales son: La falta de un sistema de abastecimiento de agua potable en el caserío Sepilapec, ubicado en la región VIII y la pavimentación del tramo carretero que va desde la aldea Cucanjá hacia la aldea El Volcancito ubicadas en la región VI del municipio. Para dar solución a las necesidades se trabajó el diseño de cada uno de los proyectos, para ello se aplicaron los conocimientos adquiridos en la etapa de formación académica y se realizaron las actividades necesarias para su ejecución. El diseño del sistema de abastecimiento de agua potable del caserío Sepilapec, se realizó con el objetivo de beneficiar directamente a la población. Para ello, se tomaron como base normas y parámetros para sistemas de agua potable de la república de Guatemala. Se consideraron aspectos como la magnitud de la población, la tasa de crecimiento, la calidad del agua, el periodo de diseño, las presiones hidrostáticas, las velocidades máximas y mínimas, entre otros. El diseño del pavimento rígido de la carretera comprendida entre las aldeas Cucanjá y Volcancito, mejorará la infraestructura vial del municipio, lo que permitirá un mejor acceso entre las comunidades cercanas y la cabecera municipal. Cabe mencionar que los resultados de ambos proyectos se presentan en este informe a través de las memorias de cálculos, planos, especificaciones técnicas, presupuestos y estudios de laboratorios. |
| 650 | 1 | 4 |
_2LEMB _aSan Miguel Tucurú, Alta Verapaz. _xIngeniería _xPavimento _xDificultad _xAcceso _xTransito _xCalidad |
| 700 |
_aIng. Civil Jorge Haroldo Dubón Xitumul _eAsesor |
||
| 856 |
_uhttps://drive.google.com/file/d/1pid2O3-6HRkbFLDwi6xBsA7zN2qWUBF2/view _yPDF _zUn ejemplar en línea. |
||
| 942 |
_2ddc _cTES _iTIC 0049 _kClasificación _n0 _6TIC_0049_000000000000000 |
||
| 999 |
_c2021 _d2021 |
||